000 00519pab a2200181 454500
008 180718b2010 xxu||||| |||| 00| 0 eng d
100 _aManthorpe, Jill
245 _aAge, ethnicity and equalities: synthesising policy and practice messages from two recent studies of elder abuse in the U
260 _c2010
300 _ap.255-65.
362 _aApr
650 _aElderly - Great Britain
650 _aElderly
700 _aBowes, Alison
773 _aSocial Policy and Society
908 _aN
909 _a86412
999 _c86412
_d86412